[Event "26. Copenhagen Open  (Politiken Cup)"]
[Site "Taastrup"]
[Date "2004.07.24"]
[Round "1"]
[White "Petersen, Peter Birk"]
[Black "Pedersen, Thomas"]
[Result "1-0"]
[WhiteElo "2214"]
[BlackElo "1712"]
[PlyCount "57"]
[EventDate "2004.07.24"]
[EventType "swiss"]
[EventRounds "10"]
[EventCountry "DEN"]
[SourceDate "2004.01.01"]

1. e4 c5 2. Nf3 d6 3. d4 cxd4 4. Nxd4 Nf6 5. Nc3 g6 6. Be2 Bg7 7. O-O O-O 8.
Be3 Nc6 9. Nb3 Be6 10. f4 Qc8 11. Qe1 Nb4 12. Nd4 Ng4 13. Bxg4 Bxg4 14. Qf2 Qc4
15. Rfc1 e5 16. Ndb5 d5 17. exd5 Rad8 18. fxe5 Nxd5 19. Bc5 Bxe5 20. Re1 Nxc3
21. Nxc3 Rfe8 22. Bxa7 Bxc3 23. bxc3 Qxc3 24. Rxe8+ Rxe8 25. Bd4 Qb4 26. Qf6
Re1+ 27. Kf2 Qd2+ 28. Kg3 Re3+ 29. Kh4 1-0

[Event "26. Copenhagen Open  (Politiken Cup)"]
[Site "Taastrup"]
[Date "2004.07.24"]
[Round "1"]
[White "Pozzo, Sebastian"]
[Black "Andersson, Christin"]
[Result "0-1"]
[WhiteElo "1650"]
[BlackElo "2196"]
[PlyCount "58"]
[EventDate "2004.07.24"]
[EventType "swiss"]
[EventRounds "10"]
[EventCountry "DEN"]
[SourceDate "2004.01.01"]

1. d4 d5 2. Nf3 c6 3. Bf4 Qb6 4. Qc1 Nf6 5. Nbd2 Bf5 6. e3 Nbd7 7. Nh4 Bg6 8.
Nxg6 hxg6 9. c4 Nh5 10. Be5 Nxe5 11. dxe5 e6 12. g4 Ng3 13. c5 Bxc5 14. fxg3
Bxe3 15. Qc2 Bf2+ 16. Kd1 Bxg3 17. Nf3 O-O-O 18. a4 Qb4 19. Ra3 Qxg4 20. Ba6
Kc7 21. Bxb7 Kxb7 22. Rb3+ Kc7 23. Qc5 Qxa4 24. Nd4 Bxe5 25. Nb5+ Kd7 26. Qxa7+
Qxa7 27. Nxa7 Rb8 28. Rf3 f6 29. Rg1 g5 0-1

[Event "26. Copenhagen Open  (Politiken Cup)"]
[Site "Taastrup"]
[Date "2004.07.24"]
[Round "1"]
[White "Ramme, Christoph"]
[Black "Hansen, Erik Friberg"]
[Result "1-0"]
[WhiteElo "2089"]
[BlackElo "1286"]
[PlyCount "93"]
[EventDate "2004.07.24"]
[EventType "swiss"]
[EventRounds "10"]
[EventCountry "DEN"]
[SourceDate "2004.01.01"]

1. e4 c5 2. Nf3 d6 3. d4 cxd4 4. Nxd4 Nf6 5. Nc3 Nc6 6. Bg5 e6 7. Qd2 Be7 8.
O-O-O O-O 9. Kb1 a6 10. Bc4 Qc7 11. Bb3 Re8 12. h4 Bd7 13. f3 b5 14. Nxc6 Bxc6
15. Bxf6 Bxf6 16. Qxd6 Qxd6 17. Rxd6 Rac8 18. h5 Red8 19. Rhd1 Rxd6 20. Rxd6
Bb7 21. Nd1 Rd8 22. Rxd8+ Bxd8 23. c4 Bc6 24. Kc2 Bf6 25. Kd3 Kf8 26. f4 e5 27.
f5 Ke8 28. cxb5 axb5 29. Ne3 Be7 30. Bd5 Bd7 31. Nd1 b4 32. Kc4 f6 33. Nf2 Kd8
34. Nd3 Be8 35. g4 g6 36. fxg6 hxg6 37. hxg6 Bxg6 38. Nxb4 Be8 39. Be6 Bg6 40.
Nc6+ Ke8 41. Nxe7 Kxe7 42. Bd5 Kd6 43. a4 Be8 44. a5 Bc6 45. Bxc6 Kxc6 46. b4
Kb7 47. b5 1-0

[Event "26. Copenhagen Open  (Politiken Cup)"]
[Site "Taastrup"]
[Date "2004.07.24"]
[Round "1"]
[White "Ringsborg, Allan"]
[Black "Royset, Paal"]
[Result "0-1"]
[WhiteElo "1747"]
[BlackElo "2232"]
[PlyCount "36"]
[EventDate "2004.07.24"]
[EventType "swiss"]
[EventRounds "10"]
[EventCountry "DEN"]
[SourceDate "2004.01.01"]

1. Nf3 Nf6 2. c4 e6 3. Nc3 Bb4 4. a3 Bxc3 5. bxc3 O-O 6. g3 d6 7. Bg2 e5 8. d3
Nbd7 9. O-O Re8 10. e4 Nc5 11. Be3 b6 12. Nd2 Nxd3 13. Nb3 Nc5 14. Nxc5 bxc5
15. Rb1 Bd7 16. Qc2 Bc6 17. Rfd1 Qc8 18. Qe2 Bxe4 0-1

[Event "26. Copenhagen Open  (Politiken Cup)"]
[Site "Taastrup"]
[Date "2004.07.24"]
[Round "1"]
[White "Romsdal, Trond"]
[Black "Hansen, John Laurids"]
[Result "1-0"]
[WhiteElo "2212"]
[BlackElo "1688"]
[PlyCount "51"]
[EventDate "2004.07.24"]
[EventType "swiss"]
[EventRounds "10"]
[EventCountry "DEN"]
[SourceDate "2004.01.01"]

1. d4 d5 2. c4 e6 3. Nf3 Nf6 4. g3 Nbd7 5. Bg2 Be7 6. O-O O-O 7. Ne5 c6 8. b3
Qc7 9. Bb2 Bd6 10. Nxd7 Bxd7 11. Nc3 Rfe8 12. e4 dxe4 13. Nxe4 Nxe4 14. Bxe4
Rad8 15. Re1 e5 16. dxe5 Bxe5 17. Bxh7+ Kf8 18. Bxe5 Rxe5 19. Qd4 Rxe1+ 20.
Rxe1 b6 21. Rd1 c5 22. Qh4 Re8 23. Bc2 Re2 24. Bd3 Re8 25. Qh8+ Ke7 26. Qxg7
1-0

[Event "26. Copenhagen Open  (Politiken Cup)"]
[Site "Taastrup"]
[Date "2004.07.24"]
[Round "1"]
[White "Sammalvuo, Niina"]
[Black "Frank Nielsen, Marie"]
[Result "1-0"]
[WhiteElo "2268"]
[BlackElo "1895"]
[PlyCount "117"]
[EventDate "2004.07.24"]
[EventType "swiss"]
[EventRounds "10"]
[EventCountry "DEN"]
[SourceDate "2004.01.01"]

1. e4 e6 2. d3 b6 3. Nf3 Bb7 4. c3 d5 5. Nbd2 c5 6. Be2 Nf6 7. Qc2 Nc6 8. O-O
Rc8 9. Re1 Be7 10. Nf1 h6 11. Ng3 Qc7 12. Bf1 O-O 13. a3 b5 14. Qe2 a5 15. h4
a4 16. h5 Na5 17. e5 Nd7 18. Bf4 Nb3 19. Rad1 b4 20. c4 Nb6 21. Nh2 dxc4 22.
dxc4 Ba6 23. Qg4 Kh8 24. Nf3 Rcd8 25. Be3 Bb7 26. Ne4 Rxd1 27. Rxd1 Nd7 28. Qf4
Na5 29. axb4 cxb4 30. c5 Bxc5 31. Nxc5 Nxc5 32. Qxb4 Bxf3 33. gxf3 Nab3 34. f4
Rb8 35. Qc4 Qe7 36. Bg2 Rc8 37. Bf3 Qe8 38. Kg2 Nb7 39. Qb4 N7a5 40. Be2 Rb8
41. Qd6 Qc8 42. Kg3 Nc6 43. Bf3 Nca5 44. Ba7 Rb5 45. Qe7 Rd5 46. Bxd5 exd5 47.
Rxd5 Qc1 48. f3 Nd2 49. Qd8+ Kh7 50. Rxd2 Nc6 51. Qd3+ g6 52. hxg6+ Kg7 53. Rc2
Qe1+ 54. Bf2 Qh1 55. Rxc6 h5 56. Qd8 a3 57. Qf6+ Kh6 58. gxf7+ Kh7 59. Qh6# 1-0

[Event "26. Copenhagen Open  (Politiken Cup)"]
[Site "Taastrup"]
[Date "2004.07.24"]
[Round "1"]
[White "Sammalvuo, Tapani"]
[Black "Forsaa, Espen"]
[Result "1-0"]
[WhiteElo "2445"]
[BlackElo "2027"]
[PlyCount "45"]
[EventDate "2004.07.24"]
[EventType "swiss"]
[EventRounds "10"]
[EventCountry "DEN"]
[SourceDate "2004.01.01"]

1. e4 c5 2. Nf3 d6 3. d4 cxd4 4. Nxd4 Nf6 5. Nc3 g6 6. Be3 Bg7 7. f3 O-O 8. Qd2
Nc6 9. g4 Nxd4 10. Bxd4 Be6 11. O-O-O Qa5 12. a3 Rfc8 13. h4 Rab8 14. h5 b5 15.
hxg6 fxg6 16. Qg5 Bc4 17. Bxc4+ Rxc4 18. Nd5 Rxd4 19. Rxd4 Nxd5 20. Qxd5+ Kh8
21. Qf7 g5 22. Rd2 b4 23. Rxh7+ 1-0

[Event "26. Copenhagen Open  (Politiken Cup)"]
[Site "Taastrup"]
[Date "2004.07.24"]
[Round "1"]
[White "Sandbech, Ted"]
[Black "Rohrmueller, Ulrich"]
[Result "0-1"]
[WhiteElo "1839"]
[BlackElo "2260"]
[PlyCount "106"]
[EventDate "2004.07.24"]
[EventType "swiss"]
[EventRounds "10"]
[EventCountry "DEN"]
[SourceDate "2004.01.01"]

1. Nf3 d5 2. d4 Nf6 3. c4 e6 4. Nc3 Be7 5. Bg5 h6 6. Bh4 O-O 7. e3 b6 8. cxd5
Nxd5 9. Bxe7 Qxe7 10. Be2 c5 11. O-O Nxc3 12. bxc3 Nd7 13. Rc1 Bb7 14. Qb3 Rfc8
15. Nd2 Nf6 16. Bf3 Bxf3 17. Nxf3 Rc7 18. h3 Rac8 19. Qb2 Ne4 20. Nd2 Nxd2 21.
Qxd2 cxd4 22. cxd4 Qa3 23. Rxc7 Rxc7 24. Rb1 Qa4 25. Rb4 Qc6 26. Rb2 Rc8 27.
Qe2 Qa4 28. Qd2 Qc4 29. Kh2 g6 30. g3 Qc6 31. Qe1 Kf8 32. Qb4+ Kg7 33. Qe1 Qe4
34. Qe2 Rc1 35. f3 Qc6 36. Rd2 h5 37. h4 b5 38. Rb2 b4 39. e4 a5 40. Qd2 Qc4
41. f4 Qf1 42. Qg2 Qxg2+ 43. Kxg2 Rd1 44. d5 exd5 45. exd5 Rxd5 46. Kf2 Rd3 47.
Re2 Kf6 48. Kg2 Ra3 49. Kh3 a4 50. Rb2 b3 51. axb3 Rxb3 52. Ra2 a3 53. Ra1 Ke6
0-1

[Event "26. Copenhagen Open  (Politiken Cup)"]
[Site "Taastrup"]
[Date "2004.07.24"]
[Round "1"]
[White "Scherwin, Claes"]
[Black "Gvein, Kenneth"]
[Result "0-1"]
[WhiteElo "1444"]
[BlackElo "2102"]
[PlyCount "100"]
[EventDate "2004.07.24"]
[EventType "swiss"]
[EventRounds "10"]
[EventCountry "DEN"]
[SourceDate "2004.01.01"]

1. e4 c5 2. Nf3 Nc6 3. d4 cxd4 4. Nxd4 Nf6 5. Nc3 e5 6. Ndb5 d6 7. Bg5 a6 8.
Na3 b5 9. Nd5 Be7 10. Bxf6 Bxf6 11. c3 Rb8 12. Bd3 Bg5 13. Nc2 O-O 14. O-O Be6
15. Qe2 g6 16. Rad1 Bxd5 17. exd5 Ne7 18. Nb4 Qc8 19. Bb1 a5 20. Nc6 Nxc6 21.
dxc6 Qxc6 22. Be4 Qc7 23. Rd5 f5 24. Bc2 b4 25. Bb3 Kg7 26. c4 Bf6 27. Rfd1
Rfd8 28. R1d3 a4 29. Bxa4 Qxc4 30. Bb3 Qc1+ 31. Rd1 Qc7 32. Qd2 Rb6 33. Ba4 e4
34. Rc1 Qe7 35. Rc4 Rdb8 36. Qc2 R6b7 37. Rc6 e3 38. Kf1 exf2 39. Kxf2 Re8 40.
Qd2 Bg5 41. Qd1 Qe3+ 42. Kf1 Re4 43. g3 Rbe7 44. Rc2 Bf6 45. Rxd6 Qa7 46. Rd7
Qxa4 47. Rxe7+ Rxe7 48. b3 Qb5+ 49. Kg2 Qb7+ 50. Kh3 h5 0-1

[Event "26. Copenhagen Open  (Politiken Cup)"]
[Site "Taastrup"]
[Date "2004.07.24"]
[Round "1"]
[White "Schmidt, Horst Hubert"]
[Black "Moen, Andreas"]
[Result "1-0"]
[WhiteElo "1878"]
[BlackElo "2267"]
[PlyCount "83"]
[EventDate "2004.07.24"]
[EventType "swiss"]
[EventRounds "10"]
[EventCountry "DEN"]
[SourceDate "2004.01.01"]

1. d4 Nf6 2. Nf3 e6 3. Bg5 c5 4. e3 Qb6 5. Nc3 Qxb2 6. Nb5 Qb4+ 7. c3 Qa5 8.
Bxf6 gxf6 9. Nd2 d5 10. Nb3 Qb6 11. dxc5 Bxc5 12. Nxc5 Qxc5 13. Qd4 Qxd4 14.
cxd4 Kd7 15. Rc1 Nc6 16. g3 b6 17. Na3 Bb7 18. Bb5 Rhc8 19. O-O f5 20. Nc2 a6
21. Bxc6+ Bxc6 22. Rfe1 Bb5 23. Na3 Bd3 24. f3 Rxc1 25. Rxc1 Rc8 26. Rxc8 Kxc8
27. Kf2 b5 28. Ke1 Bc4 29. Nc2 a5 30. a3 Bb3 31. Na1 Ba4 32. Kd2 Kd7 33. Kc3 h5
34. h4 f4 35. gxf4 Bd1 36. Nb3 Bxf3 37. Nxa5 Be2 38. Kb4 Ke7 39. Nb7 Kf6 40.
Nd6 Bf1 41. Nxb5 Kf5 42. a4 1-0

[Event "26. Copenhagen Open  (Politiken Cup)"]
[Site "Taastrup"]
[Date "2004.07.24"]
[Round "1"]
[White "Schmied, Andreas"]
[Black "Thomassen, Joachim"]
[Result "1-0"]
[WhiteElo "2106"]
[BlackElo "1462"]
[PlyCount "69"]
[EventDate "2004.07.24"]
[EventType "swiss"]
[EventRounds "10"]
[EventCountry "DEN"]
[SourceDate "2004.01.01"]

1. d4 d5 2. c4 c6 3. Nf3 Nf6 4. Nc3 e6 5. Bg5 Nbd7 6. e3 Be7 7. Rc1 O-O 8. Bd3
dxc4 9. Bxc4 b5 10. Bd3 Bb7 11. O-O a6 12. Bb1 c5 13. Qe2 Rc8 14. Rfd1 b4 15.
Na4 Bxf3 16. Qxf3 cxd4 17. Rxc8 Qxc8 18. Rxd4 Ne5 19. Qe2 Qc1+ 20. Rd1 Qc6 21.
Qc2 Qxc2 22. Bxc2 Rc8 23. Bb1 Kf8 24. Kf1 h6 25. Bf4 Ned7 26. h3 Nd5 27. Bg3
Ke8 28. Ke2 a5 29. Bd3 Bf6 30. Bb5 Rc2+ 31. Kd3 Rc8 32. e4 Nc7 33. Bxd7+ Kxd7
34. Nb6+ Kd8 35. Kc2+ 1-0

[Event "26. Copenhagen Open  (Politiken Cup)"]
[Site "Taastrup"]
[Date "2004.07.24"]
[Round "1"]
[White "Sigurdsson, Thorgeir"]
[Black "Auchenberg, Per"]
[Result "0-1"]
[WhiteElo "1200"]
[BlackElo "2082"]
[PlyCount "30"]
[EventDate "2004.07.24"]
[EventType "swiss"]
[EventRounds "10"]
[EventCountry "DEN"]
[SourceDate "2004.01.01"]

1. e4 c5 2. Nf3 e6 3. d4 cxd4 4. Nxd4 a6 5. Bc4 b5 6. Bb3 Bb7 7. Qd3 Qh4 8. Nd2
Nf6 9. g3 Qh3 10. f3 Bc5 11. Nxb5 axb5 12. Qxb5 Ba6 13. Qxc5 Qg2 14. Bc4 Qxh1+
15. Nf1 Qxf3 0-1

[Event "26. Copenhagen Open  (Politiken Cup)"]
[Site "Taastrup"]
[Date "2004.07.24"]
[Round "1"]
[White "Skjoldan, Benjamin"]
[Black "Carlsen, Ellen Oen"]
[Result "1-0"]
[WhiteElo "2080"]
[BlackElo "1183"]
[PlyCount "58"]
[EventDate "2004.07.24"]
[EventType "swiss"]
[EventRounds "10"]
[EventCountry "DEN"]
[SourceDate "2004.01.01"]

1. d4 Nf6 2. g3 g6 3. Bg2 Bg7 4. c4 d5 5. Nf3 O-O 6. O-O Nc6 7. Qa4 dxc4 8.
Qxc4 Be6 9. Qa4 Qd7 10. Rd1 Rfd8 11. Nc3 Nd5 12. Bd2 Nb6 13. Qc2 Rab8 14. Bf4
Nb4 15. Qc1 N4d5 16. Bh6 Nxc3 17. bxc3 f6 18. e4 Bg4 19. c4 g5 20. Bxg7 Kxg7
21. c5 Nc8 22. d5 Qa4 23. Rd4 Qe8 24. Qc3 c6 25. h3 Bd7 26. Rad1 a6 27. Nxg5
fxg5 28. dxc6 e5 29. Rxd7+ Rxd7 1-0

[Event "26. Copenhagen Open  (Politiken Cup)"]
[Site "Taastrup"]
[Date "2004.07.24"]
[Round "1"]
[White "Soupizon, Remi"]
[Black "Cech, Pavel"]
[Result "0-1"]
[WhiteElo "2003"]
[BlackElo "2404"]
[PlyCount "58"]
[EventDate "2004.07.24"]
[EventType "swiss"]
[EventRounds "10"]
[EventCountry "DEN"]
[SourceDate "2004.01.01"]

1. e4 e6 2. d4 d5 3. Nc3 Bb4 4. e5 c5 5. Bd2 Ne7 6. a3 Bxc3 7. Bxc3 O-O 8. dxc5
Nd7 9. b4 Qc7 10. Qd4 Nc6 11. Qf4 Ncxe5 12. Nh3 f6 13. Bb5 b6 14. c6 a6 15. Ba4
b5 16. Bb3 Qxc6 17. Bd4 Nc4 18. Qf3 e5 19. Bb2 Bb7 20. Bc1 d4 21. Qxc6 Bxc6 22.
f3 Ndb6 23. Ke2 Nd5 24. Kd3 Rac8 25. Bxc4 bxc4+ 26. Kxc4 Ba4+ 27. Kxd5 Rfd8+
28. Ke6 Bd7+ 29. Ke7 Bf5 0-1

[Event "26. Copenhagen Open  (Politiken Cup)"]
[Site "Taastrup"]
[Date "2004.07.24"]
[Round "1"]
[White "Svanholm, Borge Waaktaar"]
[Black "Sadvakasov, Darmen"]
[Result "0-1"]
[WhiteElo "2052"]
[BlackElo "2626"]
[PlyCount "201"]
[EventDate "2004.07.24"]
[EventType "swiss"]
[EventRounds "10"]
[EventCountry "DEN"]
[SourceDate "2004.01.01"]

1. c4 e5 2. g3 Nf6 3. Bg2 c6 4. d4 exd4 5. Qxd4 d5 6. cxd5 cxd5 7. Nc3 Nc6 8.
Qa4 Bc5 9. Nf3 d4 10. Nb5 O-O 11. O-O a6 12. Na3 Bf5 13. Bg5 h6 14. Bxf6 Qxf6
15. Rac1 Ba7 16. Rfd1 Be4 17. Rd2 Rfe8 18. Qd1 Re6 19. Nc2 Rd8 20. Nce1 Rde8
21. Nd3 g5 22. Nfe1 Bxg2 23. Nxg2 Qf5 24. a3 Kg7 25. b4 Ne7 26. Nc5 Rf6 27. e3
Nc6 28. exd4 Bxc5 29. Rxc5 Qe4 30. Ne3 Rd8 31. Qc2 Qxc2 32. Nxc2 Rfd6 33. d5
Ne5 34. Kg2 b6 35. Rc7 Rxd5 36. Re2 b5 37. Ra7 Nc4 38. Rxa6 Rd2 39. Rxd2 Rxd2
40. Ne1 g4 41. Kf1 h5 42. a4 bxa4 43. Rxa4 Ne5 44. Ra3 Rb2 45. Nd3 Rb1+ 46. Ke2
Nf3 47. Ra2 Rh1 48. Rb2 Nd4+ 49. Ke3 Nb5 50. f3 f5 51. fxg4 hxg4 52. Nf4 Kf6
53. Kd3 Ke7 54. Kc4 Nd6+ 55. Kd5 Rd1+ 56. Kc5 Rc1+ 57. Kd4 Rd1+ 58. Kc5 Rc1+
59. Kd5 Rd1+ 60. Kc5 Kd7 61. b5 Rc1+ 62. Kd5 Rd1+ 63. Kc5 Rc1+ 64. Kd4 Rd1+ 65.
Kc5 Rc1+ 66. Kd4 Rd1+ 67. Kc5 Ne4+ 68. Kc4 Kd6 69. b6 Kc6 70. Ne6 Nd6+ 71. Kc3
Ne4+ 72. Kb4 Rd6 73. Ng7 Rd4+ 74. Ka3 Nc5 75. Ka2 f4 76. gxf4 Rxf4 77. Ne6 Ra4+
78. Kb1 Nb7 79. Ng5 Rf4 80. Kc2 Nc5 81. Kd1 Rf5 82. Nh7 Rf7 83. Ng5 Rf5 84. Nh7
Nb7 85. Ke2 Nd6 86. Rb4 Rh5 87. Nf6 Rxh2+ 88. Ke3 g3 89. Kf3 Rf2+ 90. Kxg3 Rxf6
91. Kg4 Rf1 92. Kg3 Rc1 93. Kf4 Rc5 94. Kg3 Nb5 95. Kf4 Kxb6 96. Rb1 Kc6 97.
Kg4 Kd5 98. Kf4 Nd4 99. Rd1 Rc2 100. Rd3 Rf2+ 101. Kg3 0-1

[Event "26. Copenhagen Open  (Politiken Cup)"]
[Site "Taastrup"]
[Date "2004.07.24"]
[Round "1"]
[White "Svendsen, Mads Bilde"]
[Black "Ziska, Helgi Dam"]
[Result "0-1"]
[WhiteElo "2151"]
[BlackElo "1604"]
[PlyCount "60"]
[EventDate "2004.07.24"]
[EventType "swiss"]
[EventRounds "10"]
[EventCountry "DEN"]
[SourceDate "2004.01.01"]

1. d4 Nf6 2. c4 g6 3. Nc3 Bg7 4. e4 d6 5. Nge2 O-O 6. Ng3 e5 7. d5 a5 8. Be2
Na6 9. h4 Nc5 10. h5 c6 11. Be3 Qb6 12. Qd2 cxd5 13. cxd5 Bd7 14. f3 Rac8 15.
Rc1 Qb4 16. Nb5 Nd3+ 17. Bxd3 Rxc1+ 18. Ke2 Rxh1 19. Qxb4 axb4 20. Nxh1 Bxb5
21. Bxb5 Nxh5 22. g3 Ra8 23. Bc4 b5 24. Bb3 f5 25. Bd2 fxe4 26. fxe4 Nf6 27.
Nf2 Nd7 28. Bxb4 Nc5 29. Nd3 Nxe4 30. Ke3 Nxg3 0-1

[Event "26. Copenhagen Open  (Politiken Cup)"]
[Site "Taastrup"]
[Date "2004.07.24"]
[Round "1"]
[White "Tadjerbashi, Amir"]
[Black "Thorgeirsson, Sverrir"]
[Result "1/2-1/2"]
[WhiteElo "2095"]
[BlackElo "1360"]
[PlyCount "62"]
[EventDate "2004.07.24"]
[EventType "swiss"]
[EventRounds "10"]
[EventCountry "DEN"]
[SourceDate "2004.01.01"]

1. e4 e6 2. d4 d5 3. Nd2 c5 4. exd5 exd5 5. Ngf3 Nc6 6. Bb5 Bg4 7. O-O Bd6 8.
dxc5 Bxc5 9. Nb3 Bb6 10. Re1+ Nge7 11. Bg5 f6 12. Bf4 O-O 13. h3 Bh5 14. g4 Bf7
15. c3 Ng6 16. Bg3 a6 17. Bf1 Bc7 18. Nfd4 Bxg3 19. fxg3 Qb6 20. Bg2 Nge5 21.
Kh1 Nc4 22. Re2 Rae8 23. Nf5 Rxe2 24. Qxe2 Re8 25. Qc2 Ne3 26. Nxe3 Qxe3 27.
Kh2 Ne5 28. Nd4 Nd3 29. Nf5 Qe2 30. Qxe2 Rxe2 31. Kg1 Nxb2 1/2-1/2

[Event "26. Copenhagen Open  (Politiken Cup)"]
[Site "Taastrup"]
[Date "2004.07.24"]
[Round "1"]
[White "Tandrup, Michael"]
[Black "Archangelsky, Mikhail"]
[Result "0-1"]
[WhiteElo "1955"]
[BlackElo "2312"]
[PlyCount "100"]
[EventDate "2004.07.24"]
[EventType "swiss"]
[EventRounds "10"]
[EventCountry "DEN"]
[SourceDate "2004.01.01"]

1. d4 d5 2. Nf3 c6 3. g3 Bg4 4. Bg2 Nd7 5. Nbd2 Ngf6 6. O-O e6 7. Re1 Be7 8. e4
dxe4 9. Nxe4 Nxe4 10. Rxe4 Nf6 11. Re1 O-O 12. c3 Qb6 13. Qc2 Bf5 14. Qe2 Rad8
15. Ne5 h6 16. Nc4 Qc7 17. Bf4 Qc8 18. Ne3 Bh7 19. Ng4 Nxg4 20. Qxg4 Bf5 21.
Qh5 Bf6 22. Be5 Bxe5 23. Rxe5 Qc7 24. Rae1 Rd6 25. g4 Bg6 26. Qh4 Rfd8 27. f4
f6 28. R5e3 c5 29. f5 cxd4 30. cxd4 exf5 31. gxf5 Bxf5 32. Qf4 Qc8 33. Re7 Rxd4
34. Qe3 Rd3 35. Qxa7 Rd1 36. Qxb7 Rxe1+ 37. Rxe1 Qxb7 38. Bxb7 Rb8 39. Bc6 Rxb2
40. Bd5+ Kh7 41. Bb3 Kg6 42. Re3 h5 43. Rg3+ Kh6 44. Bf7 h4 45. Re3 Kg5 46. a4
Kf4 47. Rc3 Be4 48. a5 Rg2+ 49. Kf1 Rxh2 50. Ra3 h3 0-1

[Event "26. Copenhagen Open  (Politiken Cup)"]
[Site "Taastrup"]
[Date "2004.07.24"]
[Round "1"]
[White "Taylor, Phil"]
[Black "Lie, Terje"]
[Result "1-0"]
[WhiteElo "2075"]
[BlackElo "1094"]
[PlyCount "55"]
[EventDate "2004.07.24"]
[EventType "swiss"]
[EventRounds "10"]
[EventCountry "DEN"]
[SourceDate "2004.01.01"]

1. e4 d6 2. d4 Nf6 3. Nc3 g6 4. Nf3 Bg7 5. h3 O-O 6. Be3 a6 7. a4 b6 8. Bd3 Nc6
9. O-O Nh5 10. Qd2 e5 11. dxe5 Nxe5 12. Nxe5 Bxe5 13. f4 Bg7 14. Qf2 f5 15.
exf5 gxf5 16. Qf3 Qe8 17. Rfe1 Be6 18. Bd2 Qg6 19. Rxe6 Qxe6 20. Qxh5 Bd4+ 21.
Kh1 Qg6 22. Qxg6+ hxg6 23. Re1 c6 24. b3 Kf7 25. Bc4+ Kg7 26. Re7+ Kh6 27. g4
Bxc3 28. g5+ 1-0

[Event "26. Copenhagen Open  (Politiken Cup)"]
[Site "Taastrup"]
[Date "2004.07.24"]
[Round "1"]
[White "Thestrup, Sixten"]
[Black "Hartvig, Ove Weiss"]
[Result "0-1"]
[WhiteElo "1917"]
[BlackElo "2270"]
[PlyCount "94"]
[EventDate "2004.07.24"]
[EventType "swiss"]
[EventRounds "10"]
[EventCountry "DEN"]
[SourceDate "2004.01.01"]

1. e4 d5 2. exd5 Nf6 3. d4 Nxd5 4. c4 Nb6 5. Nc3 g6 6. Nf3 Bg7 7. Be2 Nc6 8. d5
Ne5 9. Nxe5 Bxe5 10. Bh6 e6 11. Qd2 Bd7 12. Qe3 Qf6 13. Ne4 Qe7 14. O-O-O exd5
15. cxd5 O-O-O 16. f4 Bxb2+ 17. Kxb2 Rde8 18. Bg7 Qb4+ 19. Qb3 Qxe4 20. Bf3
Qxf4 21. Rd4 Qd6 22. Bxh8 Rxh8 23. a3 c5 24. Rd2 Kb8 25. Ka2 Rc8 26. Qc3 Na4
27. Qe3 Re8 28. Qd3 Bb5 29. Qb3 Qf4 30. Rc2 a6 31. d6 Rd8 32. Rd1 Nb6 33. Rxc5
Bc4 34. Rxc4 Qxc4 35. Qxc4 Nxc4 36. d7 Ne5 37. Be2 Rxd7 38. Rb1 Rd2+ 39. Rb2
Rxb2+ 40. Kxb2 h5 41. Kc3 Kc7 42. Kd4 Kd6 43. a4 h4 44. h3 f5 45. Bf1 Nd7 46.
Bd3 Nc5 47. Bc2 Ne6+ 0-1

[Event "26. Copenhagen Open  (Politiken Cup)"]
[Site "Taastrup"]
[Date "2004.07.24"]
[Round "1"]
[White "Thomassen, Thomas"]
[Black "Prakken, Gerrit"]
[Result "0-1"]
[WhiteElo "1860"]
[BlackElo "2265"]
[PlyCount "78"]
[EventDate "2004.07.24"]
[EventType "swiss"]
[EventRounds "10"]
[EventCountry "DEN"]
[SourceDate "2004.01.01"]

1. Nf3 d5 2. d4 c6 3. c4 e6 4. Nc3 dxc4 5. a4 Bb4 6. e3 b5 7. Be2 Bb7 8. O-O a6
9. Qc2 Nf6 10. e4 Nbd7 11. e5 Nd5 12. Ng5 Be7 13. Nce4 g6 14. h4 Qb6 15. h5
Qxd4 16. Nf3 Qb6 17. Bg5 Bf8 18. Bh4 c5 19. Rfd1 Qc7 20. Bg3 Be7 21. Qd2 Qc6
22. Nfg5 h6 23. Nf3 g5 24. Nh2 Qb6 25. Ng4 O-O-O 26. f3 f5 27. exf6 N7xf6 28.
Ngxf6 Nxf6 29. Qc3 Rd4 30. Be5 Nxe4 31. fxe4 Rhd8 32. Bxd4 cxd4 33. Qf3 Rf8 34.
Qg4 d3+ 35. Kh1 dxe2 36. Re1 Rf4 37. a5 Rxg4 38. axb6 Rh4+ 39. Kg1 Bc5# 0-1

[Event "26. Copenhagen Open  (Politiken Cup)"]
[Site "Taastrup"]
[Date "2004.07.24"]
[Round "1"]
[White "Thomsen, Peter"]
[Black "Jorgensen, Dennis"]
[Result "0-1"]
[WhiteElo "1631"]
[BlackElo "2180"]
[PlyCount "76"]
[EventDate "2004.07.24"]
[EventType "swiss"]
[EventRounds "10"]
[EventCountry "DEN"]
[SourceDate "2004.01.01"]

1. e4 c6 2. d4 d5 3. e5 Bf5 4. Bd3 Bxd3 5. Qxd3 e6 6. Ne2 Nd7 7. Nd2 Ne7 8. Ng3
c5 9. c3 Nc6 10. f4 Qb6 11. Ne2 cxd4 12. Nxd4 Bc5 13. N2b3 O-O 14. Nxc5 Nxc5
15. Qb5 Nxd4 16. Qxb6 axb6 17. cxd4 Nb3 18. Rb1 Rxa2 19. Be3 Rc8 20. O-O h5 21.
f5 Rc4 22. fxe6 fxe6 23. Rf4 Rc2 24. Rbf1 Raxb2 25. Rf8+ Kh7 26. Bf2 Nxd4 27.
Kh1 Nf5 28. Rxf5 exf5 29. Bd4 Rb4 30. Bg1 Kg6 31. h3 Re2 32. Bh2 Rbe4 33. Bg3
h4 34. Bf2 Rf4 35. Kg1 Rfxf2 36. Rxf2 Rxf2 37. Kxf2 Kf7 38. Ke3 b5 0-1

[Event "26. Copenhagen Open  (Politiken Cup)"]
[Site "Taastrup"]
[Date "2004.07.24"]
[Round "1"]
[White "Trygstad, Kristian"]
[Black "Vedelfort, Tommy"]
[Result "1/2-1/2"]
[WhiteElo "2265"]
[BlackElo "1867"]
[PlyCount "88"]
[EventDate "2004.07.24"]
[EventType "swiss"]
[EventRounds "10"]
[EventCountry "DEN"]
[SourceDate "2004.01.01"]

1. e4 e6 2. d4 d5 3. Nc3 Bb4 4. e5 c5 5. a3 Bxc3+ 6. bxc3 Qc7 7. Qg4 f5 8. Qh5+
g6 9. Qd1 Bd7 10. Nf3 Nc6 11. Be2 h6 12. h4 O-O-O 13. a4 cxd4 14. cxd4 Na5 15.
Rh3 Ne7 16. Ba3 Bc6 17. Bd6 Qd7 18. Qd2 Nc4 19. Bxc4 dxc4 20. Qa5 a6 21. Qc5
Nd5 22. Nd2 b6 23. Qxc4 Kb7 24. Nb3 Rc8 25. Qf1 Bxa4 26. c4 Nf4 27. Rc3 Bxb3
28. Rxb3 Qc6 29. c5 Qe4+ 30. Kd2 Qxd4+ 31. Kc2 Qe4+ 32. Kc1 Ne2+ 33. Kd2 Qd5+
34. Rd3 Nd4 35. Qb1 Rxc5 36. Bxc5 Qxc5 37. Qa2 a5 38. Rc3 Qb5 39. Re1 Rd8 40.
Kc1 a4 41. Qc4 Nb3+ 42. Kb2 Rd2+ 43. Ka3 Qd7 44. Qb4 Rd4 1/2-1/2

[Event "26. Copenhagen Open  (Politiken Cup)"]
[Site "Taastrup"]
[Date "2004.07.24"]
[Round "1"]
[White "Trarup, Jorgen"]
[Black "Nielsen, Borge Hjerrild"]
[Result "0-1"]
[WhiteElo "1378"]
[BlackElo "2097"]
[PlyCount "46"]
[EventDate "2004.07.24"]
[EventType "swiss"]
[EventRounds "10"]
[EventCountry "DEN"]
[SourceDate "2004.01.01"]

1. e4 c5 2. Nf3 d6 3. Bb5+ Bd7 4. Bxd7+ Qxd7 5. O-O Nc6 6. c3 Nf6 7. Re1 e6 8.
Qa4 Be7 9. d4 cxd4 10. Nxd4 O-O 11. Nxc6 bxc6 12. Nd2 Qc7 13. Nf3 d5 14. exd5
cxd5 15. Bf4 Bd6 16. Bxd6 Qxd6 17. Rad1 Qb6 18. Qc2 Rfc8 19. Re2 h6 20. h3 Rab8
21. Qa4 Rc4 22. Qa3 Qc7 23. Rd4 Rc5 0-1

[Event "26. Copenhagen Open  (Politiken Cup)"]
[Site "Taastrup"]
[Date "2004.07.24"]
[Round "1"]
[White "Werner, Gert"]
[Black "Lovik, Lasse Ostebo"]
[Result "1-0"]
[WhiteElo "2085"]
[BlackElo "1267"]
[PlyCount "53"]
[EventDate "2004.07.24"]
[EventType "swiss"]
[EventRounds "10"]
[EventCountry "DEN"]
[SourceDate "2004.01.01"]

1. c4 Nf6 2. Nc3 g6 3. g3 Bg7 4. Bg2 d6 5. Nf3 Nbd7 6. d4 e5 7. O-O O-O 8. e4
a5 9. Re1 c6 10. h3 Nh5 11. Be3 f5 12. exf5 gxf5 13. Ng5 Qe8 14. dxe5 Bxe5 15.
Nf3 f4 16. Nxe5 dxe5 17. gxf4 Qg6 18. Qg4 exf4 19. Bd4 c5 20. Bd5+ Rf7 21. Re8+
Nf8 22. Qxg6+ hxg6 23. Bxc5 Be6 24. Rxa8 Bxd5 25. Nxd5 b6 26. Rxf8+ Rxf8 27.
Bxf8 1-0